Función pública local 1989 : régimen jurídico y retributivo : tablas de retribuciones 1989 : tablas de cotización a la MUNPAL régimen jurídico y retributivo :
ISBN:
84-7028-162-3
Descripción Física:
392 p. ; 21 cm
MARC
| LEADER | 00000nam a2200000Ia 4500 | ||
|---|---|---|---|
| 001 | 13716 | ||
| 008 | 160829s1989 xx 000 0 cat d | ||
| 020 | |a 84-7028-162-3 | ||
| 080 | |a M-4-23 | ||
| 245 | |a Función pública local 1989 : |b régimen jurídico y retributivo : |b tablas de retribuciones 1989 : |b tablas de cotización a la MUNPAL | ||
| 260 | |a Barcelona : |b Bayer, |c 1989 | ||
| 300 | |a 392 p. ; |c 21 cm | ||
| 490 | |a Biblioteca legislativa de la administración práctica | ||
| 590 | |a Inclou legislació | ||
| 650 | |a Administració local |x Funcionaris i empleats |x Dret i legislació |x Espanya |9 24882 | ||
| 650 | 0 | |a Funció pública |z Espanya |9 11103 | |
| 650 | |a Espanya |x Funcionaris i empleats |x Sous, pensions, etc. |9 31548 | ||
| 901 | |a Arxiu | ||
| 942 | |n 1 | ||
| 952 | |0 0 |1 0 |4 0 |6 M423 |7 1 |9 45664 |a Arxiu |b Arxiu |d 2016-12-01 |l 0 |o M-4-23 |p 13716 |r 2016-12-01 00:00:00 |w 2016-12-01 |y ARXIU | ||
| 999 | |c 49164 |d 49164 | ||